000 00703nam a2200193 a 4500
001 000025372
005 20200930023736.0
008 110215s2007 dr a 000 0 spa d
020 _a9789993456094
040 _aDO-SdBNP
_bspa
_cBNPHU
100 1 _aCollins de Colado, Mary
_951947
245 1 0 _aGuay, ay ay ay :
_bLa vez que las mariposas se convirtieron en rosa /
_cMary Collins de Colado ; ilustración Ramiro Manzano, Nidia Serra.
260 _aSanto Domingo :
_bEditorial Búho,
_c2007.
300 _a51 p. :
_bil. ;
_c19 cm.
500 _aIncluye datos biográficos de la autora en la contracubierta
700 1 _aSerra, Nidia
_eil.
_929116
700 1 _aManzano, Ramiro
_eil.
_9768
049 _aBNPD
999 _c24864
_d24864